| 000 | 01075naa a2200277 c 4500 | ||
|---|---|---|---|
| 001 | 42329 | ||
| 003 | ES-MaCES | ||
| 005 | 20111122124000.0 | ||
| 008 | 111122n2011 xxud t 000 | eng d | ||
| 035 | _aCES20110012216v | ||
| 040 |
_aES-MaCES _bspa _cES-MaCES |
||
| 100 | 1 |
_aChen, Kun-Ming _99547 |
|
| 245 | 1 | 0 |
_aOutward foreing direct investment wage rigidity and unemployment _b: a computable general equilibrium analysis _cKun-Ming Chen |
| 650 | 4 |
_apapel de Taiwán, China _929181 |
|
| 650 | 4 |
_amodelo econométrico _929368 |
|
| 650 | 4 |
_aindustria orientada hacia la exportación _927615 |
|
| 650 | 4 |
_adesempleo estructural _928306 |
|
| 650 | 4 |
_aestabilización del mercado _927901 |
|
| 650 | 4 |
_acapital-riesgo _931033 |
|
| 650 | 4 |
_aadministración financiera _927208 |
|
| 653 | 1 | 0 | _aEconomía |
| 773 | 0 |
_tThe journal of international trade and economic development _gvol. 20, no. 4 (Aug. 2011){10377 R. 079868}; p. 569-583 _w(ES-MaCES)25387 _954639 |
|
| 902 | _aART Artículo de revista | ||
| 942 |
_2CES _cAR _h0.0. |
||
| 999 |
_c42329 _d42329 |
||